[Event "Titled Tuesday intern op 19th Oct"]
[Site "Chess.com INT"]
[Date "2021.10.19"]
[Round "10"]
[White "Sanal, Vahap"]
[Black "Zhigalko, Sergei"]
[Result "1-0"]
[WhiteElo "2585"]
[BlackElo "2572"]
[PlyCount "83"]
[EventDate "2021.10.19"]
[EventType "swiss (blitz)"]
[EventRounds "11"]
[EventCountry "USA"]
[SourceTitle "CBM 204 Extra"]
[Source "ChessBase"]
[SourceDate "2022.09.12"]
[SourceVersion "1"]
[SourceVersionDate "2022.09.12"]
[SourceQuality "1"]

1. Nf3 d5 2. g3 c6 3. Bg2 Bg4 4. O-O Nd7 5. d3 e6 6. Nbd2 Bd6 7. b3 Ne7 8. Bb2 O-O 9. e4 a5 10. a3 ({RR} 10. a4 Be5 11. d4 Bd6 12. Re1 b5 13. Qc1 bxa4 14. Rxa4 Nb6 15. Ra1 Bxf3 16. Nxf3 a4 17. Ne5 Qc7 18. Nd3 Ng6 19. c4 a3 20. Bxa3 dxc4 21. bxc4 Bxa3 22. Rxa3 Rxa3 23. Qxa3 Nxc4 24. Qc5 Na5 {Pantsulaia,L (2605)-Quesada Perez,Y (2627) Chess.com INT 2018 1-0 (49)}) ({RR} 10. a4 Re8 11. Qe2 Bh5 12. Rfe1 Qb6 13. Nf1 Rad8 14. h4 f6 15. Bh3 e5 16. Be6+ Kh8 17. N1h2 Nc5 18. Bh3 Nc8 19. g4 Bf7 20. g5 dxe4 21. dxe4 Ne6 22. Bc1 Bb4 23. Rf1 Nd6 24. Kh1 Bg6 {Todorovic,B (2222)-Zhigalko,S (2572) Chess.com INT 2021 0-1 (33)}) 10... Re8 ({RR} 10... Qc7 11. h3 Bh5 12. Qe1 e5 13. g4 Bg6 14. Nh4 d4 15. Nf5 Rfe8 16. Nf3 Nf8 17. h4 f6 18. h5 Bf7 19. g5 Bxh5 20. gxf6 Nxf5 21. exf5 gxf6 22. Nd2 Qg7 23. Qe4 Kh8 24. f3 Nd7 25. Qh4 {Swiatlowski,L (2199)-Gostev,S (2258) chess.com INT 2025 0-1 (36)}) 11. d4 $146 ({RR} 11. Qc1 c5 12. a4 Nc6 13. Re1 Nb4 14. Nf1 Bxf3 15. Bxf3 Be5 16. Be2 Bxb2 17. Qxb2 Qf6 18. c3 Nc6 19. Nd2 d4 20. c4 e5 21. Rf1 Qh6 22. Nf3 Nb4 23. Rad1 g6 24. Nh4 Ra6 25. Bg4 Nf6 {Jakubiec,A (2535)-Van den Doel,E (2554) Germany 2014 0-1 (54)}) 11... c5 12. exd5 exd5 13. Re1 Rc8 14. c4 cxd4 15. Bxd4 Bc5 16. Qb1 Qb6 17. Bxc5 Nxc5 18. b4 Ne6 19. c5 Qc7 20. Ne5 Bf5 21. Qb2 b6 22. cxb6 Qxb6 23. Rac1 Nd4 24. Ndf3 Nxf3+ 25. Nxf3 Be4 26. Nd4 Rxc1 27. Rxc1 Rb8 28. b5 h5 29. h4 Qf6 30. Qd2 Nf5 31. Nxf5 Qxf5 32. Qxa5 Bxg2 33. Kxg2 d4 34. a4 d3 35. Qd2 Qe4+ 36. Kh2 g6 37. Ra1 Ra8 38. a5 Qd4 39. Ra3 Rd8 40. a6 Qc5 41. Rb3 Qc4 42. Rb1 1-0

[Event "Titled Tuesday intern op 26th Oct"]
[Site "Chess.com INT"]
[Date "2021.10.26"]
[Round "10"]
[White "Svane, Rasmus"]
[Black "Demidov, Mikhail"]
[Result "1-0"]
[WhiteElo "2625"]
[BlackElo "2551"]
[PlyCount "99"]
[EventDate "2021.10.26"]
[EventType "swiss (blitz)"]
[EventRounds "11"]
[EventCountry "USA"]
[SourceTitle "CBM 204 Extra"]
[Source "ChessBase"]
[SourceDate "2022.09.12"]
[SourceVersion "1"]
[SourceVersionDate "2022.09.12"]
[SourceQuality "1"]

1. Nf3 d5 2. g3 c6 3. Bg2 Bg4 4. O-O Nd7 5. h3 Bh5 6. d4 e6 7. c4 Ngf6 8. cxd5 exd5 9. Ne5 Be7 ({RR} 9... Ne4 10. Nd2 f5 11. Bf3 Bg6 12. Nxg6 hxg6 13. Bg2 Bd6 14. Nxe4 fxe4 15. h4 Qb6 16. Bg5 Nf8 17. e3 Qc7 18. Bh3 Nh7 19. Qg4 Qf7 20. f3 Nxg5 21. hxg5 Qe7 22. fxe4 Qxe4 23. Qd7# {1-0 (23) Yu Yangyi (2729)-Keymer,V (2690) chess.com INT 2023}) ({RR} 9... Nxe5 10. dxe5 Ne4 11. Nd2 Nxd2 12. Bxd2 f6 13. Qb3 Qb6 14. exf6 Qxb3 15. axb3 gxf6 16. b4 Bd6 17. b5 Kd7 18. bxc6+ bxc6 19. e4 d4 20. Rfc1 c5 21. f4 d3 22. Bc3 c4 23. Ra5 Be2 24. Rd5 {Preotu,R (2470)-Chasin,N (2426) Charlotte USA 2025 1-0 (55)}) ({RR} 9... Ne4 10. Bxe4 Nxe5 11. dxe5 dxe4 12. Nc3 Qxd1 13. Rxd1 Bg6 14. Be3 Be7 15. Rac1 h5 16. Na4 Bf5 17. Kg2 O-O 18. Bc5 Rfe8 19. Bd6 Rad8 20. Nc5 b6 21. Na6 Bxd6 22. exd6 Bd7 23. b4 Re5 24. a4 {Svane,R (2651)-Arjun,K (2477) Chess.com INT 2022 0-1 (70)}) 10. f4 h6 $146 ({RR} 10... Nxe5 11. dxe5 Bc5+ 12. Kh2 Nd7 13. g4 Bg6 14. f5 Nxe5 15. Bf4 Bd6 16. Nc3 Nxg4+ 17. hxg4 Bxf5 18. e4 Bxf4+ 19. Rxf4 Qd6 20. Qd2 g5 21. e5 Qh6+ 22. Bh3 gxf4 23. gxf5 Rg8 24. Ne2 Rg3 25. Ng1 {Svane,R (2613)-Yurovskich,O (2260) Chess.com INT 2020 0-1 (41)}) 11. g4 Bg6 12. Nxg6 fxg6 13. Qd3 Kf7 14. Nc3 Rf8 15. e4 dxe4 16. Nxe4 Kg8 17. Qb3+ Kh7 18. Qxb7 Nxe4 19. Bxe4 Nf6 20. Bxc6 Qxd4+ 21. Kh1 Bc5 22. Bg2 Rab8 23. Qf3 Rfe8 24. g5 hxg5 25. f5 Re5 26. fxg6+ Kxg6 27. Rd1 Qf2 28. Qxf2 Bxf2 29. Bf3 Be3 30. b3 Bxc1 31. Raxc1 Rbe8 32. Kg2 R8e7 33. Rd2 Kf7 34. Rc4 Kg6 35. Ra4 Rc7 36. Rc4 Rce7 37. b4 a5 38. bxa5 Rxa5 39. a4 Rea7 40. Ra2 Nd7 41. Rb4 Ne5 42. Be2 Nd7 43. Bb5 Nf6 44. Rab2 Kh6 45. Rd4 Rc7 46. Rd8 Rb7 47. Rh8+ Kg6 48. Bd3+ Kf7 49. Rxb7+ Ke6 50. Bb5 1-0

[Event "FIDE Grand Swiss"]
[Site "Riga"]
[Date "2021.11.01"]
[Round "6"]
[White "Onischuk, Vladimir"]
[Black "Erigaisi, Arjun Kumar"]
[Result "1-0"]
[WhiteElo "2622"]
[BlackElo "2634"]
[PlyCount "191"]
[EventDate "2021.10.27"]
[EventType "swiss"]
[EventRounds "11"]
[EventCountry "LAT"]
[SourceTitle "CBM 205"]
[Source "ChessBase"]
[SourceDate "2021.11.30"]
[SourceVersion "1"]
[SourceVersionDate "2021.11.30"]
[SourceQuality "1"]

1. Nf3 c5 2. g3 g6 3. Bg2 Bg7 4. d4 cxd4 5. Nxd4 Nc6 6. Nb3 Nf6 7. Nc3 d6 8. h3 O-O 9. e4 Be6 10. Nd5 ({RR} 10. O-O a5 11. a3 a4 12. Nd2 d5 13. exd5 Nxd5 14. Nce4 Qa5 15. Rb1 Rfd8 16. Qe1 Nd4 17. c3 Nc6 18. b4 Qc7 19. Bb2 Nb6 20. Qe2 Ne5 21. Rfd1 Ba2 22. Ra1 Bd5 23. Nc5 Bxg2 24. Kxg2 Qc6+ {Morozevich,A (2771)-Leko,P (2751) Nice 2009 ½-½ (49)}) 10... b5 $146 ({RR} 10... Rc8 11. O-O Ne5 12. Be3 Qd7 13. Kh2 Nxd5 14. exd5 Bf5 15. Nd4 Nc4 16. Bc1 h5 17. b3 Nb6 18. c4 Rce8 19. Be3 e5 20. dxe6 Bxe6 21. Rc1 Rd8 22. Qd2 d5 23. c5 Nc8 24. c6 bxc6 25. Nxc6 {Schmidt,P (2400)-Kristoferitsch,D (2283) Austria AUT 2022 1-0 (47)}) ({RR} 10... Rc8 11. O-O a5 12. a4 Ne5 13. Nd4 Bd7 14. c3 Nxd5 15. exd5 Qb6 16. Kh2 Rfe8 17. f4 Nc4 18. b3 Bxd4 19. cxd4 Qb4 20. bxc4 Rxc4 21. Bd2 Qb6 22. Be3 Rec8 23. g4 Rc2 24. Rb1 Qa6 25. f5 {Onischuk,V (2622)-Ozer,O (2317) Chess.com INT 2021 1-0 (32)}) 11. O-O a5 12. c3 Nd7 13. Nd4 Bxd5 14. exd5 Nxd4 15. cxd4 Qb6 16. Be3 Rfc8 17. Qd2 b4 18. Rfc1 Nf6 19. Rxc8+ Rxc8 20. Rc1 Rxc1+ 21. Qxc1 Nd7 22. Qc4 Nf8 23. Kf1 f5 24. Ke2 Kf7 25. Kd3 h5 26. Bf3 Nd7 27. g4 hxg4 28. hxg4 Nf6 29. g5 Nd7 30. Bd1 Qb8 31. Qc6 Nb6 32. f4 Qa7 33. Qb5 Qc7 34. Bb3 Qa7 35. Bd1 Qc7 36. Be2 Qa7 37. Qc6 a4 38. Kd2 Qa5 39. Kd1 b3 40. axb3 axb3 41. Bb5 Kg8 42. Ke2 Kh7 43. Bd2 Qa7 44. Bc3 Qb8 45. Kd3 Qa7 46. Kd2 Bh8 47. Kd3 Bg7 48. Ke2 Kg8 49. Qe8+ Kh7 50. Qf7 Qa8 51. Bc6 Qa6+ 52. Kf2 Qc4 53. Be8 Qxd5 54. Qxg6+ Kg8 55. Kg3 Qe4 56. Qf7+ Kh8 57. Qh5+ Kg8 58. Qf7+ Kh8 59. Qh5+ Kg8 60. Bf7+ Kf8 61. Bxb3 Qe3+ 62. Kg2 d5 63. Qf3 Bxd4 64. Qxe3 Bxe3 65. Kf3 Bc5 66. Bc2 e6 67. b4 Bg1 68. Bd3 Kf7 69. Bb5 Nc8 70. Be5 Bb6 71. Bd7 Ne7 72. Bd6 Ng6 73. Ke2 Bd8 74. Kf3 Bb6 75. Kg3 Bd8 76. Bc8 Ne7 77. Ba6 Nc6 78. Be2 Kg6 79. Kh4 Nd4 80. Bh5+ Kh7 81. Be8 Ne2 82. Bb5 Nc3 83. Bd7 d4 84. Be5 Ne4 85. Bxe6 Kg6 86. Bxd4 Bc7 87. Be3 Nc3 88. Bc4 Nd1 89. Bc1 Bb6 90. Kg3 Ne3 91. Bb3 Nf1+ 92. Kg2 Ne3+ 93. Kf3 Ng4 94. Ba4 Bd4 95. Be8+ Kg7 96. b5 1-0

[Event "FIDE Grand Swiss"]
[Site "Riga"]
[Date "2021.11.01"]
[Round "6"]
[White "Shevchenko, Kirill"]
[Black "Kuybokarov, Temur"]
[Result "1-0"]
[WhiteElo "2632"]
[BlackElo "2549"]
[PlyCount "150"]
[EventDate "2021.10.27"]
[EventType "swiss"]
[EventRounds "11"]
[EventCountry "LAT"]
[SourceTitle "CBM 205"]
[Source "ChessBase"]
[SourceDate "2021.11.30"]
[SourceVersion "1"]
[SourceVersionDate "2021.11.30"]
[SourceQuality "1"]

{[%evp 0,117,30,22,22,-22,24,-4,7,-35,7,0,7,16,27,-2,1,-27,-28,-11,3,3,8,14,10,34,46,26,92,104,98,105,105,117,130,106,106,54,63,75,106,135,126,109,124,124,128,137,121,121,98,90,100,96,90,70,100,123,137,142,77,116,89,89,89,90,118,135,140,127,136,82,92,122,101,98,120,103,103,88,100,122,132,101,141,98,98,106,105,114,151,124,119,119,150,139,191,169,151,109,190,199,219,231,265,292,305,315,315,325,316,294,422,294,294,298,304,298,297,300]} 1. Nf3 d5 2. g3 g6 3. c4 dxc4 4. Na3 Nc6 5. Nxc4 Bg7 6. d3 e5 7. Bd2 Nge7 8. b4 a6 9. Rc1 Be6 10. Bg2 O-O 11. O-O h6 12. a4 b5 13. Na3 Nd4 $146 ({RR} 13... Rb8 14. axb5 axb5 15. Rc5 Qd7 16. Nxb5 Nd5 17. Qc1 Ncxb4 18. Bxb4 Nxb4 19. Nxc7 Rfc8 20. Nxe6 Qxe6 21. Nd2 Rd8 22. Qc4 Qe7 23. Rb1 Bf8 24. Rc7 Rd7 25. Rxd7 Qxd7 26. Nf3 Qb5 27. Qxb5 Rxb5 28. Rc1 {Mikhalevski,V (2524)-Gavriely,O (2106) Acre ISR 2024 1-0 (40)}) 14. Nxd4 exd4 15. Bxa8 Qxa8 16. Re1 Bh3 17. f3 c6 18. e4 dxe3 19. Bxe3 Be6 20. Bc5 Re8 21. Nc2 Qd8 22. axb5 axb5 23. d4 Nf5 24. Qd3 Qd5 25. Rcd1 Ra8 26. Ra1 Ra4 27. Kg2 Qd7 28. Ne3 Nd6 29. Qc2 Nb7 30. Rxa4 bxa4 31. Qxa4 Nxc5 32. bxc5 Qxd4 33. Qxd4 Bxd4 34. Ng4 Kg7 35. Rc1 Bd5 36. Nf2 g5 37. g4 h5 38. h3 f5 39. gxf5 Kf6 40. Rd1 Be3 41. Rd3 Bf4 42. Ne4+ Kxf5 43. Nc3 Bc4 44. Rd4 Ba6 45. Rd8 Bc4 46. Rd4 Ba6 47. Ne4 Ke5 48. Rd8 Bc4 49. Kf2 Bd5 50. Nc3 Be6 51. Ne2 Bxh3 52. Nxf4 Kxf4 53. Rd6 Ke5 54. Rxc6 Be6 55. Rd6 Bd5 56. Kg3 Be6 57. Kf2 h4 58. Rb6 Kd5 59. Rd6+ Ke5 60. Rd8 Bd5 61. Rh8 Kd4 62. Rh5 Kxc5 63. Rxg5 Kd4 64. Rh5 Be6 65. Rxh4+ Ke5 66. Ke3 Bd7 67. Rc4 Bf5 68. Rc5+ Kf6 69. Kf4 Bd7 70. Rd5 Bc8 71. Rd6+ Kf7 72. Ke5 Bh3 73. f4 Ke7 74. Rh6 Bf1 75. Rh7+ Kf8 1-0

[Event "FIDE Grand Swiss"]
[Site "Riga"]
[Date "2021.11.04"]
[Round "8"]
[White "Howell, David"]
[Black "Esipenko, Andrey"]
[Result "1-0"]
[WhiteElo "2658"]
[BlackElo "2720"]
[PlyCount "125"]
[EventDate "2021.10.27"]
[EventType "swiss"]
[EventRounds "11"]
[EventCountry "LAT"]
[SourceTitle "CBM 205"]
[Source "ChessBase"]
[SourceDate "2021.11.30"]
[SourceVersion "1"]
[SourceVersionDate "2021.11.30"]
[SourceQuality "1"]

1. Nf3 d5 2. g3 b6 3. Bg2 Bb7 4. b3 ({RR} 4. O-O e6 5. d4 Nd7 6. Bf4 Bd6 7. Bxd6 cxd6 8. a4 a6 9. Qd3 Ngf6 10. Qa3 Qb8 11. Nbd2 O-O 12. Rfc1 Rc8 13. c4 dxc4 14. Nxc4 Ne8 15. Qd3 Nef6 16. Qa3 Ne8 17. Qb4 a5 18. Qb3 Ra7 {Ponkratov,P (2659)-Predke,A (2666) Ufa 2021 0-1 (64)}) 4... Nf6 5. Bb2 e6 6. c4 Bd6 $146 ({RR} 6... c5 7. cxd5 Qxd5 8. O-O Be7 9. d4 cxd4 10. Qxd4 Qxd4 11. Nxd4 Bxg2 12. Kxg2 O-O 13. Nd2 Rc8 14. Rac1 Nbd7 15. Nc6 Bf8 16. Nd4 {½-½ (16) Wojtaszek,R (2673)-Grandelius,N (2650) Walbrzych POL 2024}) 7. cxd5 exd5 8. O-O O-O 9. Nc3 a6 10. Rc1 Re8 11. e3 Nbd7 12. d4 Qe7 13. Rc2 b5 14. a4 b4 15. Ne2 a5 16. Nf4 Ne4 17. Ne5 Nb6 18. Nc6 Qf6 19. Ne5 Qe7 20. Nc6 Qf8 21. Qg4 Bc8 22. Qf3 f6 23. Rfc1 Bd7 24. Qh5 g6 25. Qd1 Qf7 26. Bf1 Bxf4 27. exf4 Re6 28. f3 Nd6 29. Re2 Rxe2 30. Qxe2 Re8 31. Qc2 Ndc4 32. Na7 Ra8 33. Nb5 Nxb2 34. Qxb2 c6 35. Nc7 Rc8 36. Na6 Bf5 37. Nc5 Re8 38. Qd2 Qe7 39. Kf2 Kf7 40. h4 Bc8 41. Bd3 Kg7 42. f5 gxf5 43. Bf1 Qd6 44. Nd3 Bd7 45. Nf4 Qe7 46. Bd3 Nc8 47. Nh5+ Kg6 48. g4 Qd6 49. Kg2 Rg8 50. Kh1 h6 51. Re1 Ne7 52. Qe3 Re8 53. Rg1 Rg8 54. Rg2 Kh7 55. Re2 Nc8 56. Kg2 Qf8 57. Ng3 Nd6 58. Qf4 Kg7 59. Kf1 fxg4 60. Nh5+ Kh8 61. Re7 Bf5 62. Bxf5 Nxf5 63. Re6 1-0

[Event "FIDE Grand Swiss"]
[Site "Riga"]
[Date "2021.11.04"]
[Round "8"]
[White "Meskovs, Nikita"]
[Black "Morovic Fernandez, Ivan"]
[Result "1-0"]
[WhiteElo "2550"]
[BlackElo "2510"]
[PlyCount "75"]
[EventDate "2021.10.27"]
[EventType "swiss"]
[EventRounds "11"]
[EventCountry "LAT"]
[SourceTitle "CBM 205"]
[Source "ChessBase"]
[SourceDate "2021.11.30"]
[SourceVersion "1"]
[SourceVersionDate "2021.11.30"]
[SourceQuality "1"]

1. Nf3 d5 2. g3 c6 3. Bg2 Nf6 4. O-O Bg4 5. d3 Nbd7 6. h3 Bh5 7. Nbd2 e6 8. e4 Be7 9. Qe1 O-O 10. e5 Ne8 11. Nh2 Nc7 12. g4 $146 ({RR} 12. f4 Bg6 13. Ndf3 c5 14. Qe2 Nb8 15. Kh1 Nc6 16. Be3 Rc8 17. Rfd1 h6 18. Nf1 Qd7 19. Bf2 b6 20. c4 Rfd8 21. d4 dxc4 22. dxc5 Bd3 23. Qe1 bxc5 24. Ne3 Nd5 25. Rac1 Nxe3 26. Qxe3 Nd4 {Lauterbach,I (2125)-Forchert,M (2390) Germany 1997 1-0 (70)}) 12... Bg6 13. f4 f6 14. Ndf3 fxe5 15. fxe5 Nb5 16. Be3 Bc5 17. Bxc5 Nxc5 18. a4 Nc7 19. Qe3 Nd7 20. h4 h6 21. h5 Bh7 22. g5 hxg5 23. Nxg5 Bf5 24. Qg3 Nxe5 25. h6 Qf6 26. Ne4 dxe4 27. dxe4 g6 28. Rae1 Rae8 29. exf5 exf5 30. Qb3+ Ne6 31. Qxb7 Rf7 32. Qb4 Ng5 33. Ng4 Ngf3+ 34. Bxf3 fxg4 35. Bd5 Nf3+ 36. Rxf3 Rxe1+ 37. Qxe1 Qd4+ 38. Rf2 1-0

[Event "Titled Tuesday intern op 02nd Nov"]
[Site "Chess.com INT"]
[Date "2021.11.02"]
[Round "6"]
[White "Nakamura, Hikaru"]
[Black "Timofeev, Artyom"]
[Result "1-0"]
[WhiteElo "2736"]
[BlackElo "2586"]
[PlyCount "125"]
[EventDate "2021.11.02"]
[EventType "swiss (blitz)"]
[EventRounds "11"]
[EventCountry "USA"]
[SourceTitle "CBM 205 Extra"]
[Source "ChessBase"]
[SourceDate "2022.01.31"]
[SourceVersion "1"]
[SourceVersionDate "2022.01.31"]
[SourceQuality "1"]

1. Nf3 c5 2. b3 d6 3. d4 cxd4 4. Qxd4 Nc6 5. Qd2 Nf6 6. c4 g6 7. Nc3 Bg7 8. Bb2 O-O 9. e3 b6 10. Be2 Bb7 11. O-O Nd7 $146 ({RR} 11... Rc8 12. Rac1 Nb8 13. Nd4 Nbd7 14. Bf3 Bxf3 15. Nxf3 Nc5 16. Rfd1 Qd7 17. Nd5 Nce4 18. Qe2 Nxd5 {½-½ (18) Czebe,A (2385)-Hera,I (2568) Ajka 2022}) 12. Rfd1 Nc5 13. Nd5 Bxb2 14. Qxb2 Nd7 15. Rd2 Nce5 16. Ne1 Nc5 17. Rad1 Bxd5 18. Rxd5 Ned7 19. Nc2 Nf6 20. R5d2 Nce4 21. Rd4 Rc8 22. Ne1 Nc5 23. Bf1 a6 24. b4 Ncd7 25. Nf3 Qc7 26. a3 a5 27. g3 axb4 28. axb4 Ra8 29. Bg2 Ra7 30. Nd2 Ne5 31. Rc1 Nc6 32. Rd3 Ne5 33. Rdc3 Rb8 34. Nb1 Qd7 35. Na3 Rc7 36. Qe2 Rcc8 37. Nb5 Ne8 38. Nd4 Nf6 39. f4 Nc6 40. Nxc6 Rxc6 41. Bxc6 Qxc6 42. Ra3 Ne4 43. Qd3 Rc8 44. Raa1 Qb7 45. Qd5 Qxd5 46. cxd5 Rc3 47. Rxc3 Nxc3 48. e4 Nxe4 49. Ra6 b5 50. Rb6 Nc3 51. Kf2 Kg7 52. Ke1 Kf6 53. Kd2 Nxd5 54. Rxb5 Ke6 55. Rb7 Nf6 56. b5 d5 57. Rc7 Kd6 58. Rc6+ Kd7 59. Kd3 Ne4 60. Rc2 Nd6 61. Rc5 e6 62. b6 Nc4 63. b7 1-0

[Event "Titled Tuesday intern op 02nd Nov"]
[Site "Chess.com INT"]
[Date "2021.11.02"]
[Round "8"]
[White "Demidov, Mikhail"]
[Black "Sviridov, Valery"]
[Result "1-0"]
[WhiteElo "2551"]
[BlackElo "2562"]
[PlyCount "165"]
[EventDate "2021.11.02"]
[EventType "swiss (blitz)"]
[EventRounds "11"]
[EventCountry "USA"]
[SourceTitle "CBM 205 Extra"]
[Source "ChessBase"]
[SourceDate "2022.01.31"]
[SourceVersion "1"]
[SourceVersionDate "2022.01.31"]
[SourceQuality "1"]

1. Nf3 Nf6 2. g3 d5 3. Bg2 c6 4. O-O Bf5 5. d3 e6 6. Nh4 Bg4 7. h3 Bh5 8. Qe1 Be7 9. f4 O-O ({RR} 9... Nfd7 10. Nf3 f5 11. e4 Bxf3 12. Bxf3 O-O 13. Nc3 fxe4 14. dxe4 d4 15. Nd1 e5 16. Nf2 c5 17. Qe2 Nc6 18. Bg4 Kh8 19. Be6 exf4 20. gxf4 g5 21. Ng4 gxf4 22. Bxf4 Qe8 23. e5 Bh4 24. Bc4 {Kramnik,V (2808)-Adhiban,B (2671) Baku 2016 1-0 (46)}) ({RR} 9... Nfd7 10. Nf3 c5 11. e4 dxe4 12. dxe4 f6 13. e5 f5 14. Ng5 Bxg5 15. Bxb7 Nb6 16. fxg5 N8d7 17. Nc3 Rb8 18. Bg2 O-O 19. Bf4 a6 20. Kh2 Qc7 21. b3 Rfd8 22. Qe3 Nf8 23. a4 Ng6 24. a5 {Shimanov,A (2582)-Rustemov,A (2525) chess.com INT 2024 1-0 (64)}) ({RR} 9... Nfd7 10. Nf3 f5 11. e4 O-O 12. Nc3 Na6 13. Be3 Nc7 14. Bf2 Kh8 15. Nh2 Bg6 16. a3 Bf6 17. Rd1 a5 18. e5 Be7 19. Ne2 c5 20. c4 b5 21. Nc3 bxc4 22. dxc4 d4 23. Na4 Ra6 24. Nf3 {Demidov,M (2551)-Iljushin,A (2461) Tuapse 2021 1-0 (55)}) 10. e4 Na6 $146 ({RR} 10... Nfd7 11. Nf3 Bg6 12. g4 h6 13. f5 Bh7 14. Nc3 a5 15. Be3 a4 16. a3 Nf6 17. g5 hxg5 18. fxe6 dxe4 19. exf7+ Kh8 20. Nxg5 Ng4 21. Qh4 Bxg5 22. Bxg5 Qd4+ 23. Kh1 Nf6 24. Rxf6 {1-0 (24) Neila Castillo,M (2092)-Gella Bitrian,D (1864) Aragon 2009}) 11. Be3 Nb4 12. Na3 Nd7 13. Nf3 Bg6 14. Bf2 a5 15. Qe2 f6 16. Rfe1 Re8 17. c3 Na6 18. Rad1 Nac5 19. Nc2 Bf8 20. Nh4 Bf7 21. e5 fxe5 22. fxe5 Be7 23. d4 Na6 24. Rf1 Rf8 25. Nf3 Nc7 26. Ne3 b5 27. Ng4 Bh5 28. Be3 c5 29. Rf2 c4 30. Rdf1 Bg6 31. Ne1 Rxf2 32. Nxf2 b4 33. h4 Qe8 34. Nh3 Nb6 35. Nf4 Bf5 36. h5 h6 37. g4 Bh7 38. Nh3 Rb8 39. g5 hxg5 40. Bxg5 bxc3 41. bxc3 Na4 42. Qe3 Nb5 43. Bxe7 Qxe7 44. Nf4 Naxc3 45. Nf3 Be4 46. Nh2 Bxg2 47. Kxg2 Ne4 48. Rb1 c3 49. Ng6 Qf7 50. Nf3 c2 51. Rc1 Nbc3 52. Rxc2 Rc8 53. Qf4 Qxf4 54. Nxf4 Kf7 55. Nh3 Rc4 56. Nhg5+ Ke7 57. Nxe4 Nxe4 58. Rb2 Rb4 59. Rc2 Rc4 60. Rb2 Rc7 61. Rb6 Rc2+ 62. Kg1 Rxa2 63. Rb7+ Kf8 64. Nh4 Ng3 65. Ng6+ Ke8 66. Re7+ Kd8 67. Rxe6 Ne2+ 68. Kf1 Nxd4 69. Rd6+ Kc7 70. Rxd5 Nf3 71. e6 Nd2+ 72. Ke1 Nf3+ 73. Kd1 Ra1+ 74. Ke2 Re1+ 75. Kxf3 Rxe6 76. Rxa5 Kb6 77. Re5 Rc6 78. Kg4 Rc1 79. Kf5 Rh1 80. Ke6 Kc6 81. Kf7 Kd6 82. Kxg7 Rg1 83. h6 1-0

[Event "Lindores Abbey Blitz Tal Memorial"]
[Site "Riga"]
[Date "2021.11.08"]
[Round "2.8"]
[White "Jumabayev, Rinat"]
[Black "Fedoseev, Vladimir1"]
[Result "1-0"]
[WhiteElo "2535"]
[BlackElo "2716"]
[PlyCount "211"]
[EventDate "2021.11.08"]
[EventType "swiss (blitz)"]
[EventRounds "18"]
[EventCountry "LAT"]
[SourceTitle "CBM 205 Extra"]
[Source "ChessBase"]
[SourceDate "2022.01.31"]
[SourceVersion "1"]
[SourceVersionDate "2022.01.31"]
[SourceQuality "1"]

1. Nf3 d5 2. g3 b6 3. Bg2 Bb7 4. O-O Nd7 5. d4 e6 ({RR} 5... Ngf6 6. c4 dxc4 7. Na3 c3 8. bxc3 e6 9. c4 Be7 10. Bb2 O-O 11. Rc1 Qc8 12. Nb5 c5 13. d5 exd5 14. Nh4 d4 15. Nf5 Re8 16. Nxe7+ Rxe7 17. Nd6 Qc7 18. Nxb7 Rb8 19. e3 Ne4 20. exd4 {Firouzja,A (2760)-Carlsen,M (2830) chess.com INT 2024 1-0 (39)}) 6. c4 dxc4 7. Qa4 Bd6 $146 ({RR} 7... a6 8. Qxc4 Ngf6 9. b3 Rc8 10. Bb2 c5 11. Nc3 b5 12. Qd3 cxd4 13. Qxd4 Bc5 14. Qh4 O-O 15. Rfd1 Qb6 16. e3 h6 17. Rac1 Rfd8 18. Nd4 Bxg2 19. Kxg2 Ne5 20. Ne4 Qb7 21. f3 Nxe4 22. Qxe4 {Schulz,K (2165)-Masague Artero,G (2265) chess.com INT 2024 0-1 (51)}) ({RR} 7... a6 8. Qxc4 b5 9. Qc2 c5 10. dxc5 Bxc5 11. b4 Bxb4 12. a4 Ngf6 13. Qb2 Qe7 14. Nd4 Bxg2 15. Kxg2 Qc5 16. Be3 Ng4 17. Nc2 Qd5+ 18. f3 Bd6 19. Bd4 Rc8 20. Nc3 Qc4 21. fxg4 e5 22. Ne3 {Sucikova,S (2175)-Pein,J (2254) England ENG 2025 1-0 (62)}) 8. Nc3 Ngf6 9. Rd1 a6 10. Qxc4 b5 11. Qd3 b4 12. Na4 Be4 13. Qd2 Qc8 14. b3 Qb7 15. Bb2 Bd5 16. Rac1 Ne4 17. Qc2 O-O 18. Ne5 Nb6 19. Nxb6 cxb6 20. Nc4 Rac8 21. f3 Bxc4 22. fxe4 Bb5 23. Qd2 e5 24. dxe5 Bc5+ 25. e3 Bc6 26. Qd3 Bb5 27. Qd2 Qe7 28. Bd4 Rfd8 29. Qf2 Bd7 30. h4 a5 31. Bf1 Bg4 32. Rd2 Be6 33. Ba6 Ra8 34. Bc4 a4 35. Qf3 axb3 36. axb3 Rac8 37. Bd5 Qd7 38. Bb2 Qe7 39. Kh2 h6 40. Rcd1 Re8 41. Rf1 Rcd8 42. Rd3 Rf8 43. Kg2 Qd7 44. Kh2 Qb5 45. Rfd1 Qe8 46. Rf1 Qe7 47. Rfd1 Ra8 48. R1d2 Ra2 49. Bd4 Ra3 50. Bb2 Ra2 51. Bd4 Ra3 52. Bb2 Ra7 53. Bd4 Ra5 54. Rf2 Qe8 55. Qf4 Ra3 56. Bb2 Ra2 57. Bd4 Ra3 58. Bb2 Ra7 59. Bd4 Qe7 60. Qf3 Rd7 61. Bb2 Rfd8 62. Rfd2 Rf8 63. Rf2 Rdd8 64. Rc2 Qa7 65. Rcd2 Rde8 66. Bd4 Qa6 67. h5 Qc8 68. Qf4 Rd8 69. Bb2 Rde8 70. Rf2 Qd7 71. Bc4 Qe7 72. Bd5 Ra8 73. Rfd2 Ra2 74. Bd4 Ra3 75. Bb2 Ra5 76. Rf2 Ra7 77. Kg2 Rd7 78. Rfd2 Rc7 79. Rf2 Kh7 80. Bxe6 fxe6 81. Qxf8 Qxf8 82. Rxf8 Bxf8 83. Kf3 Kg8 84. Rd8 Kf7 85. Bd4 Bc5 86. Kf4 Ra7 87. Rc8 Be7 88. Bxb6 Bg5+ 89. Kg4 Ra3 90. Rc7+ Kg8 91. Rc6 Kf7 92. Rc7+ Kg8 93. Rc8+ Kh7 94. Rc6 Rxb3 95. Rxe6 Rd3 96. Bd4 b3 97. Rb6 Bxe3 98. Bxe3 Rxe3 99. Kf4 Rc3 100. e6 g5+ 101. Ke5 Kg7 102. Rb8 Rc5+ 103. Kd6 Rc1 104. e7 Rd1+ 105. Ke6 Re1 106. e5 1-0

[Event "Lindores Abbey Blitz Tal Memorial"]
[Site "Riga"]
[Date "2021.11.08"]
[Round "9.5"]
[White "Mamedov, Rauf"]
[Black "Deac, Bogdan Daniel"]
[Result "1-0"]
[WhiteElo "2678"]
[BlackElo "2605"]
[PlyCount "113"]
[EventDate "2021.11.08"]
[EventType "swiss (blitz)"]
[EventRounds "18"]
[EventCountry "LAT"]
[SourceTitle "CBM 205 Extra"]
[Source "ChessBase"]
[SourceDate "2022.01.31"]
[SourceVersion "1"]
[SourceVersionDate "2022.01.31"]
[SourceQuality "1"]

1. Nf3 d5 2. g3 g6 3. Bg2 Bg7 4. O-O e5 5. d3 Nc6 6. e4 Nge7 7. exd5 Nxd5 8. Nbd2 O-O 9. a3 a5 10. Re1 Re8 11. Ne4 $146 ({RR} 11. Rb1 h6 12. c4 Nf6 13. b4 axb4 14. axb4 Bg4 15. b5 Nd4 16. h3 Nxf3+ 17. Nxf3 Bxf3 18. Bxf3 e4 19. dxe4 Qxd1 20. Rxd1 Nxe4 21. Bf4 Ra3 22. Kg2 Ra2 23. Bxe4 Rxe4 24. Rd8+ Kh7 25. Rd7 g5 {Mamedov,R (2678)-Navara,D (2758) Riga 2021 0-1 (53)}) 11... h6 12. c4 Nf6 13. Nxf6+ Qxf6 14. Nd2 Nd4 15. Ne4 Qb6 16. Rb1 a4 17. Be3 Bf5 18. Nc3 Bd7 19. Nd5 Qc5 20. Qd2 Kh7 21. Qb4 Qxb4 22. axb4 Ne6 23. b5 a3 24. bxa3 Rxa3 25. Rbd1 Rd8 26. h4 c6 27. bxc6 bxc6 28. Nb4 c5 29. Nd5 Rb8 30. h5 gxh5 31. Ra1 Rxa1 32. Rxa1 Kg8 33. Ra7 Be8 34. Bh3 Nd4 35. Bxd4 exd4 36. Bf5 Be5 37. Be4 Kf8 38. Kg2 h4 39. gxh4 Rd8 40. f4 Bd6 41. Kf3 Bd7 42. Nf6 Bc8 43. Bd5 Be7 44. Ke4 Bh3 45. f5 Bg2+ 46. Kf4 Bxd5 47. Nxd5 Bxh4 48. f6 Bg5+ 49. Kf5 Bd2 50. Ra2 Bc1 51. Ne7 Rb8 52. Ra5 h5 53. Ra2 Rd8 54. Rh2 Rd6 55. Rxh5 Ke8 56. Rh8+ Kd7 57. Rf8 1-0